| 000 | 00545cam a2200181 4500500 | ||
|---|---|---|---|
| 005 | 20260329004455.0 | ||
| 041 | _afre | ||
| 042 | _adc | ||
| 100 | 1 | 0 |
_aGastineau, Nicolas _eauthor |
| 245 | 0 | 0 | _aJaune. Histoire d’une couleur |
| 260 | _c2019. | ||
| 500 | _a46 | ||
| 690 | _acouleur | ||
| 690 | _aJaune | ||
| 690 | _aMichel Pastoureau | ||
| 786 | 0 | _nPhilosophie magazine | 135 | 12 | 2019-12-01 | p. 44-44 | 1951-1787 | |
| 856 | 4 | 1 | _uhttps://shs.cairn.info/magazine-philosophie-magazine-2019-12-page-44?lang=fr&redirect-ssocas=7080 |
| 999 |
_c1834248 _d1834248 |
||